[Event "Quebec op U2300"]
[Site "Montreal"]
[Date "2007.07.24"]
[Round "5"]
[White "Ghannoum, Antoine"]
[Black "Filiatrault, Alexandre"]
[Result "1-0"]
[WhiteElo "1515"]
[BlackElo "1854"]
[PlyCount "61"]
[EventDate "2007.07.20"]
[EventType "swiss"]
[EventRounds "9"]
[EventCountry "CAN"]
[SourceTitle "EXT 2022"]
[Source "ChessBase"]
[SourceDate "2021.10.06"]
[SourceVersion "1"]
[SourceVersionDate "2021.10.06"]
[SourceQuality "1"]

1. Nf3 Nf6 2. d4 g6 3. g3 Bg7 4. Bg2 c5 5. c4 0-0 6. 0-0 cxd4 7. Nxd4 Nc6 8. Nc3 Qb6 9. Nb3 d6 10. Nd5 Nxd5 11. cxd5 Ne5 12. Be3 Qa6 13. Bd4 Bg4 14. f3 Bd7 15. Re1 Ba4 16. Kh1 Qb5 17. Bc3 Bxb3 18. axb3 Rfc8 19. Ra4 Rc7 20. Bh3 f5 21. e4 Nd3 22. Qe2 Bxc3 23. bxc3 Rxc3 24. Rd4 Qxb3 25. exf5 Rac8 26. fxg6 Ne5 27. gxh7+ Kh8 28. Bxc8 Rc2 29. Qe3 Rc3 30. Qg5 Rxf3 31. Qg8# 1-0